000
00286nam a22001217a 4500
008
180522b xxu||||| |||| 00| 0 eng d
041
_a
eng
080
_a
043.3
100
_a
0
101
_a
MBE-MA
245
_a
Management Procurement Activities in Kosovo
_c
Murati, H
942
_2
udc
_c
BK
999
_c
46214
_d
46214